Brandwashed : (Record no. 3206)

MARC details
000 -LEADER
fixed length control field 00608nam a2200193 ar4500
001 - CONTROL NUMBER
control field 3208
005 - DATE AND TIME OF LATEST TRANSACTION
control field 20221127090712.0
008 - FIXED-LENGTH DATA ELEMENTS--GENERAL INFORMATION
fixed length control field 130413s xxu 00110|eng d
020 ## - INTERNATIONAL STANDARD BOOK NUMBER
International Standard Book Number 9780307956323(pbk)
082 04 - DEWEY DECIMAL CLASSIFICATION NUMBER
Classification number 658.8343
Item number L645 2011
100 1# - MAIN ENTRY--PERSONAL NAME
Personal name Lindstrom, Martin.
245 10 - TITLE STATEMENT
Title Brandwashed :
Remainder of title tricks companies use to manipulate our minds ... /
Statement of responsibility, etc. Martin Lindstrom.
260 ## - PUBLICATION, DISTRIBUTION, ETC.
Place of publication, distribution, etc. New York :
Name of publisher, distributor, etc. Crown Business,
Date of publication, distribution, etc. 2011.
300 ## - PHYSICAL DESCRIPTION
Extent xi, 291 p. ;
Dimensions 24 cm.
504 ## - BIBLIOGRAPHY, ETC. NOTE
Bibliography, etc. note Includes bibl. references and index.
650 #4 - SUBJECT ADDED ENTRY--TOPICAL TERM
Topical term or geographic name entry element Marketing research.
650 #4 - SUBJECT ADDED ENTRY--TOPICAL TERM
Topical term or geographic name entry element Consumer behavior.
650 #4 - SUBJECT ADDED ENTRY--TOPICAL TERM
Topical term or geographic name entry element Brand name products.
Holdings
Withdrawn status Lost status Source of classification or shelving scheme Damaged status Not for loan Home library Current library Date acquired Total Checkouts Full call number Barcode Date last seen Copy number Price effective from Koha item type
          CENTRAL CENTRAL 11/27/2022   658.8343 L645 2011 1000000008351 11/27/2022 C1 11/27/2022 Book